| Tag |
First Indicator |
Second Indicator |
Subfields |
| LEADER |
00000cgm a22000003i 4500 |
| 001 |
in00003751113 |
| 006 |
m|||||o||c|||||||| |
| 007 |
cr |n||||||||a |
| 007 |
vz |za|z| |
| 008 |
150818s2002 txu028 e |o vleng d |
| 005 |
20260324202722.9 |
| 035 |
|
|
|a (OCoLC)929482039
|
| 035 |
|
|
|a ASP2812665/ebap
|
| 040 |
|
|
|a VaAlASP
|b eng
|e rda
|c VaAlASP
|d UtOrBLW
|
| 245 |
0 |
0 |
|a Exploring society.
|n Lesson 17,
|p Social institutions :
|b politics and education /
|c producer/director, Ken Harrison.
|
| 246 |
1 |
0 |
|a Social institutions :
|b politics and education
|
| 264 |
|
1 |
|a Dallas, TX :
|b Dallas County Community College District,
|c 2002.
|
| 300 |
|
|
|a 1 online resource (28 minutes)
|
| 306 |
|
|
|a 002806
|
| 336 |
|
|
|a two-dimensional moving image
|b tdi
|2 rdacontent
|
| 337 |
|
|
|a computer
|b c
|2 rdamedia
|
| 337 |
|
|
|a video
|b v
|2 rdamedia
|
| 338 |
|
|
|a online resource
|b cr
|2 rdacarrier
|
| 338 |
|
|
|a other
|b vz
|2 rdacarrier
|
| 347 |
|
|
|a data file
|2 rda
|
| 500 |
|
|
|a Title from resource description page (viewed August 18, 2015).
|
| 520 |
|
|
|a Social Institutions: Politics and Education discusses the functions of social institutions in terms of meeting society's needs.
|
| 546 |
|
|
|a In English.
|
| 650 |
|
0 |
|a Social institutions.
|0 http://id.loc.gov/authorities/subjects/sh85123963
|
| 650 |
|
0 |
|a Sociology.
|0 http://id.loc.gov/authorities/subjects/sh85124200
|
| 655 |
|
7 |
|a Internet videos.
|2 lcgft
|0 http://id.loc.gov/authorities/genreForms/gf2011026337
|
| 655 |
|
7 |
|a Educational films.
|2 lcgft
|0 http://id.loc.gov/authorities/genreForms/gf2011026219
|
| 700 |
1 |
|
|a Harrison, Ken,
|e producer,
|e director.
|0 http://id.loc.gov/authorities/names/n86869239
|
| 710 |
2 |
|
|a Dallas TeleLearning (Firm),
|e production company.
|0 http://id.loc.gov/authorities/names/no2003039706
|
| 856 |
4 |
0 |
|u http://proxy.library.tamu.edu/login?url=https://www.aspresolver.com/aspresolver.asp?EBAP;2812665
|z Connect to this streaming video (Alexander Street Press)
|t 0
|
| 999 |
f |
f |
|s d333ea0e-4864-3f87-9614-24d9e5c46333
|i 5daba4ba-20e3-3928-90bc-6fd767b67d96
|t 0
|
| 952 |
f |
f |
|a Texas A&M University
|b College Station
|c Electronic Resources
|s www_evans
|d Available Online
|t 0
|h No information provided
|
| 998 |
f |
f |
|t 0
|l Available Online
|